<?xml version="1.0" encoding="UTF-8"?>
<collection xmlns="http://www.loc.gov/MARC21/slim">
  <record>
    <leader>00000nam  2200000   4500</leader>
    <controlfield tag="001">INLIS000000000002927</controlfield>
    <controlfield tag="005">20180724151003</controlfield>
    <controlfield tag="008">180724|||||||||   |   |||   |||| ||   | </controlfield>
    <datafield tag="020" ind1=" " ind2=" ">
      <subfield code="a">9798015479</subfield>
    </datafield>
    <datafield tag="035" ind1=" " ind2=" ">
      <subfield code="0">010-0718002927</subfield>
    </datafield>
    <datafield tag="041" ind1=" " ind2=" ">
      <subfield code="a">id</subfield>
    </datafield>
    <datafield tag="082" ind1=" " ind2=" ">
      <subfield code="a">001.442.5</subfield>
    </datafield>
    <datafield tag="090" ind1=" " ind2=" ">
      <subfield code="a">001.442.5 Met</subfield>
    </datafield>
    <datafield tag="100" ind1=" " ind2=" ">
      <subfield code="a">Singarimbun, Masri</subfield>
    </datafield>
    <datafield tag="700" ind1=" " ind2=" ">
      <subfield code="a">Effendi, Sofian</subfield>
    </datafield>
    <datafield tag="245" ind1=" " ind2=" ">
      <subfield code="a">Metode Penelitian Survai</subfield>
    </datafield>
    <datafield tag="250" ind1=" " ind2=" ">
      <subfield code="a">Ed. 2 (rev.)</subfield>
    </datafield>
    <datafield tag="260" ind1=" " ind2=" ">
      <subfield code="a">Jakarta</subfield>
      <subfield code="b">PT Pustaka LP3ES Indonesia</subfield>
      <subfield code="c">1989</subfield>
    </datafield>
    <datafield tag="300" ind1=" " ind2=" ">
      <subfield code="a">x; 336 hlm.; ilus; 22 cm.</subfield>
    </datafield>
    <datafield tag="500" ind1=" " ind2=" ">
      <subfield code="a">Buku ini membicarakan penelitian survai, yang titik beratnya diletakkan pada penelitian relasional; yakni mempelajari hubungan variabel-variabel, sehingga - secara langsung atau tidak langsung - hipotesa penelitian senantiasa dipertanyakan. Supaya pembaca mendapat gambaran yang lebih luas tentang penelitian sosial, di dalam bab ini dibicarakan beberapa jenis penelitian dan proses penelitian. Beberapa jenis penelitian yang dibicarakan adalah: (1) penelitian survai; (2) eksperimen; (3) grounded research; (4) kombinasi pendekatan kuantitatif dan kualitatif; dan (5) analisa data sekunder.</subfield>
    </datafield>
    <datafield tag="650" ind1=" " ind2=" ">
      <subfield code="a">Metode penelitian</subfield>
    </datafield>
  </record>
</collection>
